[Event "FIDE World Cup 2021"]
[Site "Krasnaya Polyana RUS"]
[Date "2021.07.18"]
[Round "3.1"]
[White "Carlsen, Magnus"]
[Black "Tari, Aryan"]
[Result "1-0"]
[WhiteTitle "GM"]
[BlackTitle "GM"]
[WhiteElo "2847"]
[BlackElo "2639"]
[WhiteFideId "1503014"]
[BlackFideId "1510045"]
[EventDate "2021.07.12"]

1. c4 e6 2. g3 d5 3. Bg2 dxc4 4. Qa4+ c6 5. Qxc4 c5 6. b3 Nf6 7. Bb2 Be7 8. Nf3
Nc6 9. O-O O-O 10. Ne5 Nxe5 11. Bxe5 Nd7 12. Bb2 Rb8 13. Nc3 Bf6 14. Rab1 b6 15.
b4 Bb7 16. Bxb7 Rxb7 17. bxc5 Nxc5 18. Ba3 Rc7 19. Rfd1 Re8 20. Nb5 Rd7 21. Bxc5
bxc5 22. Qa4 Qa8 23. d3 h5 24. Rdc1 Rc8 25. Na3 Rd4 26. Nc4 h4 27. Qb5 Qd5 28.
Qb7 Rd8 29. Qxd5 exd5 30. Ne3 Ra4 31. Rc2 h3 32. Kf1 Bd4 33. Nf5 Bf6 34. Ne3 Bd4
35. Nf5 Bf6 36. Rxc5 Rxa2 37. Ne3 a5 38. Nxd5 Bd4 39. Rcb5 a4 40. Ne7+ 1-0

[Event "FIDE World Cup 2021"]
[Site "Krasnaya Polyana RUS"]
[Date "2021.07.18"]
[Round "3.1"]
[White "Jumabayev, Rinat"]
[Black "Caruana, Fabiano"]
[Result "1/2-1/2"]
[WhiteTitle "GM"]
[BlackTitle "GM"]
[WhiteElo "2637"]
[BlackElo "2806"]
[WhiteFideId "13702661"]
[BlackFideId "2020009"]
[EventDate "2021.07.12"]

1. d4 Nf6 2. c4 e6 3. Nf3 d5 4. g3 dxc4 5. Bg2 c5 6. O-O Nc6 7. dxc5 Qxd1 8.
Rxd1 Bxc5 9. Nbd2 c3 10. bxc3 O-O 11. Nb3 Be7 12. Nfd4 Nxd4 13. cxd4 Nd5 14. a4
b6 15. Bb2 f5 16. Rdc1 Ba6 17. e3 Rac8 18. Bf1 Bxf1 19. Kxf1 g5 20. Ke2 g4 21.
Nd2 Bb4 22. Nc4 Bc3 23. Bxc3 Rxc4 24. Bd2 Rfc8 25. Rxc4 Rxc4 26. Kd3 Rc8 27. e4
fxe4+ 28. Kxe4 Rf8 29. Be3 Rf5 30. Kd3 Kf7 31. Rh1 Kg6 32. h3 Rh5 33. h4 Nb4+
34. Ke4 Ra5 35. h5+ Kf7 36. Bd2 Rxa4 37. Bxb4 Rxb4 38. Rc1 Kf6 39. Rc7 Ra4 40.
Rxh7 e5 41. Rb7 Rxd4+ 42. Ke3 Kg5 43. Rxa7 Kxh5 44. Re7 Rb4 1/2-1/2

[Event "FIDE World Cup 2021"]
[Site "Krasnaya Polyana RUS"]
[Date "2021.07.18"]
[Round "3.1"]
[White "Cheng, Bobby"]
[Black "Kovalev, Vladislav"]
[Result "0-1"]
[WhiteTitle "GM"]
[BlackTitle "GM"]
[WhiteElo "2552"]
[BlackElo "2637"]
[WhiteFideId "4300033"]
[BlackFideId "13504398"]
[EventDate "2021.07.12"]

1. d4 Nf6 2. c4 e6 3. Nf3 Be7 4. g3 d5 5. Bg2 O-O 6. O-O dxc4 7. Ne5 c5 8. dxc5
Qc7 9. Nxc4 Rd8 10. Qa4 Qxc5 11. Nc3 Nd5 12. Rd1 Bd7 13. Qb3 Nc6 14. e3 Nxc3 15.
bxc3 Na5 16. Nxa5 Qxa5 17. a4 Be8 18. Bd2 Rab8 19. Be1 Rxd1 20. Qxd1 Qc7 21. Qb3
b6 22. c4 a5 23. Bc3 Rd8 24. Be4 Bc5 25. Qc2 h6 26. Qb2 f6 27. Qc2 Rd6 28. h4
Qf7 29. Rb1 Qd7 30. Ra1 Bh5 31. Bg6 Bf3 32. Rb1 Kf8 33. Kh2 f5 34. Bd4 Bxd4 35.
exd4 Be4 36. Qc1 Bxb1 37. Qxb1 Rxd4 38. Qxb6 Rxc4 39. h5 Ke7 40. Qb8 Rc2 41. Qe5
Rxf2+ 42. Kh3 Qd2 43. Qxg7+ Kd6 44. Qf8+ Kd5 45. Qa8+ Kd4 46. Qa7+ Kd3 47. Qa6+
Kc2 48. Qc6+ Kd1 0-1

[Event "FIDE World Cup 2021"]
[Site "Krasnaya Polyana RUS"]
[Date "2021.07.18"]
[Round "3.1"]
[White "Abdusattorov, Nodirbek"]
[Black "Giri, Anish"]
[Result "1/2-1/2"]
[WhiteTitle "GM"]
[BlackTitle "GM"]
[WhiteElo "2634"]
[BlackElo "2776"]
[WhiteFideId "14204118"]
[BlackFideId "24116068"]
[EventDate "2021.07.12"]

1. d4 d5 2. c4 c6 3. Nf3 Nf6 4. Qb3 dxc4 5. Qxc4 Bf5 6. g3 e6 7. Bg2 Be7 8. O-O
O-O 9. e3 Nbd7 10. Rd1 Rc8 11. Nc3 b5 12. Qe2 b4 13. Na4 Qa5 14. b3 Qb5 15. Qf1
Qxf1+ 16. Kxf1 c5 17. dxc5 Nxc5 18. Nxc5 Rxc5 19. Nd4 Be4 20. Bd2 a5 21. a3 bxa3
22. Rxa3 e5 23. Bxe4 exd4 24. Bd3 dxe3 25. Bxe3 Rh5 26. Ra4 Rxh2 27. Rxa5 Ng4
28. Ba7 Rh1+ 29. Ke2 Rxd1 30. Kxd1 g6 31. Bc4 h5 32. Ke2 Re8 33. Kf1 Bf6 34. Bd5
Kg7 35. b4 Bc3 36. Bc5 Re5 37. Bc6 Re1+ 38. Kg2 Ne5 39. Bd5 Rd1 40. Bb3 Rd2 41.
Ra8 Bd4 42. Bf8+ Kf6 43. Ra6+ Kf5 44. Ra2 Rxa2 45. Bxa2 g5 46. Bd5 h4 47. gxh4
gxh4 48. f3 Kg5 49. Be7+ f6 50. Be4 Kf4 51. Bc5 f5 52. Ba8 Ke3 53. Kh3 Nd3 54.
Bd6 Ne5 55. Bc5 Nd3 56. Bf8 Ne5 57. Bh6+ f4 58. Kxh4 Nxf3+ 59. Kg4 Ne5+ 60. Kf5
Nd3 61. b5 Bb6 62. Be4 Ke2 63. Bd5 Ke3 64. Ke6 Kd4 65. Bg2 Kc5 66. Bf1 Kxb5 67.
Bxd3+ Kb4 68. Bxf4 Kc3 69. Be4 Bd4 70. Kd5 Bg7 71. Bc1 Kb3 72. Bh6 Bxh6 1/2-1/2

[Event "FIDE World Cup 2021"]
[Site "Krasnaya Polyana RUS"]
[Date "2021.07.18"]
[Round "3.1"]
[White "Grischuk, Alexander"]
[Black "Pichot, Alan"]
[Result "1-0"]
[WhiteTitle "GM"]
[BlackTitle "GM"]
[WhiteElo "2778"]
[BlackElo "2630"]
[WhiteFideId "4126025"]
[BlackFideId "110973"]
[EventDate "2021.07.12"]

1. d4 Nf6 2. c4 e6 3. Nf3 d5 4. Nc3 Bb4 5. Qa4+ Nc6 6. a3 Bxc3+ 7. bxc3 Bd7 8.
cxd5 exd5 9. Qc2 O-O 10. Bg5 h6 11. Bh4 g5 12. Bg3 Ne4 13. e3 h5 14. c4 Bf5 15.
Bd3 h4 16. Be5 g4 17. Bf4 Re8 18. Ne5 Nxe5 19. dxe5 h3 20. gxh3 c6 21. hxg4 Qa5+
22. Ke2 Nc3+ 23. Kf3 Be6 24. Rhc1 dxc4 25. Qxc3 Qxc3 26. Rxc3 cxd3 27. Rxd3 b5
28. Rc1 Rec8 29. Rdc3 a5 30. e4 Ra6 31. Rb1 Rb8 32. Bg5 b4 33. Kf4 Rb5 34. Rh3
f6 35. Bxf6 bxa3 36. Rd1 1-0

[Event "FIDE World Cup 2021"]
[Site "Krasnaya Polyana RUS"]
[Date "2021.07.18"]
[Round "3.1"]
[White "Martirosyan, Haik M."]
[Black "Mamedyarov, Shakhriyar"]
[Result "1-0"]
[WhiteTitle "GM"]
[BlackTitle "GM"]
[WhiteElo "2632"]
[BlackElo "2782"]
[WhiteFideId "13306553"]
[BlackFideId "13401319"]
[EventDate "2021.07.12"]

1. d4 Nf6 2. c4 g6 3. Nf3 Bg7 4. g3 c6 5. Bg2 O-O 6. O-O d5 7. cxd5 cxd5 8. Nc3
Nc6 9. Ne5 Bf5 10. Nxc6 bxc6 11. Bf4 Nh5 12. Be3 c5 13. Nxd5 e6 14. Nf4 cxd4 15.
Nxh5 gxh5 16. Bd2 Rc8 17. Bb4 Re8 18. Rc1 Qb6 19. Qa4 d3 20. exd3 Bxd3 21. Rfd1
Bb5 22. Qb3 Bd4 23. Be1 e5 24. Bd5 Kg7 25. Bxf7 Rf8 26. Rxc8 Rxc8 27. Bxh5 Rf8
28. Bf3 Qa6 29. Rc1 1-0

[Event "FIDE World Cup 2021"]
[Site "Krasnaya Polyana RUS"]
[Date "2021.07.18"]
[Round "3.1"]
[White "Vachier-Lagrave, Maxime"]
[Black "Paravyan, David"]
[Result "1/2-1/2"]
[WhiteTitle "GM"]
[BlackTitle "GM"]
[WhiteElo "2749"]
[BlackElo "2625"]
[WhiteFideId "623539"]
[BlackFideId "4194985"]
[EventDate "2021.07.12"]

1. e4 c5 2. Nf3 Nc6 3. d4 cxd4 4. Nxd4 g6 5. Nc3 Bg7 6. Be3 Nf6 7. Be2 O-O 8.
O-O d5 9. exd5 Nxd5 10. Nxd5 Qxd5 11. Bf3 Qc4 12. Nxc6 bxc6 13. c3 Be6 14. Re1
a5 15. b3 Qxc3 16. Rc1 Qb4 17. Bxc6 Rad8 18. Qe2 Bd4 19. Bh6 Bg7 20. Bg5 Bf6 21.
Bh6 Bg7 22. Bg5 Bf6 23. Bh6 Bg7 1/2-1/2

[Event "FIDE World Cup 2021"]
[Site "Krasnaya Polyana RUS"]
[Date "2021.07.18"]
[Round "3.1"]
[White "Cori, Jorge"]
[Black "Sindarov, Javokhir"]
[Result "1/2-1/2"]
[WhiteTitle "GM"]
[BlackTitle "GM"]
[WhiteElo "2652"]
[BlackElo "2558"]
[WhiteFideId "3802272"]
[BlackFideId "14205483"]
[EventDate "2021.07.12"]

1. c4 g6 2. Nc3 c5 3. g3 Bg7 4. Bg2 Nc6 5. Nf3 d6 6. O-O Rb8 7. e3 Nh6 8. b3 O-O
9. Bb2 a6 10. d3 Nf5 11. Qe2 b5 12. Nd5 e6 13. Bxg7 Nxg7 14. Nc3 b4 15. Ne4 e5
16. a3 a5 17. axb4 axb4 18. Ra2 Bb7 19. Rfa1 f5 20. Ned2 Ne6 21. Ne1 Qd7 22. Bd5
Kh8 23. Nc2 Rbe8 24. Qf1 Nc7 25. Bg2 Qg7 26. Qd1 Re7 27. Qe2 Ne8 28. Bd5 Nf6 29.
e4 f4 30. Bxc6 Bxc6 31. Ra6 Rc7 32. f3 Qe7 33. g4 g5 34. Qg2 h5 35. h3 Qh7 36.
Kf2 hxg4 37. hxg4 Kg7 38. Rh1 Qg6 39. Ke2 Ra8 40. Rxa8 Bxa8 41. Qh2 Rc8 42. Qg1
Bc6 43. Qh2 Bd7 44. Qh3 Ra8 45. Kd1 Be6 1/2-1/2

[Event "FIDE World Cup 2021"]
[Site "Krasnaya Polyana RUS"]
[Date "2021.07.18"]
[Round "3.1"]
[White "Vakhidov, Jakhongir"]
[Black "Ponkratov, Pavel"]
[Result "1-0"]
[WhiteTitle "GM"]
[BlackTitle "GM"]
[WhiteElo "2534"]
[BlackElo "2629"]
[WhiteFideId "14201801"]
[BlackFideId "4157800"]
[EventDate "2021.07.12"]

1. c4 Nf6 2. Nc3 g6 3. g3 Bg7 4. Bg2 O-O 5. d4 c5 6. dxc5 Na6 7. e4 Nxc5 8. e5
Ne8 9. Be3 Ne6 10. f4 d6 11. Nf3 Bd7 12. O-O Bc6 13. Nd5 N6c7 14. Qb3 dxe5 15.
Nxe5 Bxd5 16. cxd5 Nd6 17. Rac1 Nce8 18. Rfe1 Nf6 19. Bf2 Re8 20. a4 Qa5 21. Rc5
Qd8 22. a5 h5 23. h3 Nd7 24. Rcc1 a6 25. Qa4 Nb5 26. Qc4 Nxe5 27. fxe5 Qxa5 28.
d6 exd6 29. e6 Kf8 30. e7+ Rxe7 31. Rxe7 Kxe7 32. Qe4+ Kf8 33. Qxb7 Rd8 34. Bd5
Kg8 35. Qxf7+ Kh8 36. Re1 Nc7 37. Re7 Qa1+ 38. Be1 Qxb2 39. Rxc7 Qa1 40. Kh2 Qf6
41. Qxf6 Bxf6 42. Ra7 Re8 43. Ra8 Rxa8 44. Bxa8 Bd8 45. Kg2 Kg7 46. Kf3 Kf6 47.
Ke4 a5 48. Kd5 Kf5 49. Bc6 Bc7 50. Bc3 g5 51. Bd7+ Kg6 52. Be8+ Kh6 53. Bd2 1-0

[Event "FIDE World Cup 2021"]
[Site "Krasnaya Polyana RUS"]
[Date "2021.07.18"]
[Round "3.1"]
[White "Oparin, Grigoriy"]
[Black "Karjakin, Sergey"]
[Result "0-1"]
[WhiteTitle "GM"]
[BlackTitle "GM"]
[WhiteElo "2654"]
[BlackElo "2757"]
[WhiteFideId "24125890"]
[BlackFideId "14109603"]
[EventDate "2021.07.12"]

1. d4 Nf6 2. c4 e6 3. Nf3 d5 4. g3 Bb4+ 5. Bd2 a5 6. Bg2 O-O 7. O-O dxc4 8. Qc2
Bxd2 9. Nbxd2 b5 10. a4 c6 11. b3 cxb3 12. Nxb3 Ba6 13. axb5 Bxb5 14. Rfd1 Nbd7
15. e4 a4 16. Nc5 a3 17. Ne5 Qc7 18. Qc3 Nxc5 19. Qxc5 Rfd8 20. Rdc1 Qd6 21.
Nxc6 Qxc5 22. Rxc5 Bxc6 23. Rxc6 Rxd4 24. Rxa3 Rd1+ 25. Bf1 Rad8 26. Rc4 h5 27.
Kg2 R8d2 28. h3 g5 29. Rf3 Kg7 30. Re3 Ra1 31. Rd3 Rb2 32. e5 Nd5 33. Re4 h4 34.
Be2 hxg3 35. fxg3 Rc1 36. Kf3 Rcc2 37. Rdd4 Nc3 38. Bd3 Rf2+ 39. Kg4 Nxe4 40.
Bxe4 Rb5 0-1

[Event "FIDE World Cup 2021"]
[Site "Krasnaya Polyana RUS"]
[Date "2021.07.18"]
[Round "3.1"]
[White "Harikrishna, Pentala"]
[Black "Lupulescu, Constantin"]
[Result "1-0"]
[WhiteTitle "GM"]
[BlackTitle "GM"]
[WhiteElo "2730"]
[BlackElo "2659"]
[WhiteFideId "5007003"]
[BlackFideId "1207822"]
[EventDate "2021.07.12"]

1. e4 c5 2. Nf3 d6 3. Bb5+ Bd7 4. c4 a6 5. Bxd7+ Nxd7 6. Nc3 Ngf6 7. O-O e6 8.
h3 Be7 9. d3 O-O 10. a3 Rb8 11. b4 b5 12. bxc5 Nxc5 13. cxb5 axb5 14. Nd4 Qd7
15. Rb1 Rfc8 16. Be3 e5 17. Ndxb5 d5 18. Bxc5 Rxc5 19. a4 Rbc8 20. Qb3 Bd8 21.
Rfd1 Ba5 22. Nxd5 Nxd5 23. exd5 Rxd5 24. Na3 Rc3 25. Qxc3 Bxc3 26. Rb8+ Qd8 27.
Rxd8+ Rxd8 28. Kf1 Ra8 29. Nb5 Ba5 30. Rc1 Bb4 31. Rb1 Ba5 32. Na7 Bc7 33. Rb7
Bd6 34. a5 g6 35. Nc6 Rc8 36. Ne7+ Bxe7 37. Rxe7 Rc5 38. a6 Ra5 39. a7 Kg7 40.
Ke2 Kf6 41. Rb7 Ra2+ 42. Kd1 h5 43. Kc1 Ke6 44. Kb1 Ra5 45. Kb2 f6 46. Kc3 Ra1
47. Kc4 Kd6 48. Rf7 1-0

[Event "FIDE World Cup 2021"]
[Site "Krasnaya Polyana RUS"]
[Date "2021.07.18"]
[Round "3.1"]
[White "Sevian, Samuel"]
[Black "Duda, Jan-Krzysztof"]
[Result "1/2-1/2"]
[WhiteTitle "GM"]
[BlackTitle "GM"]
[WhiteElo "2647"]
[BlackElo "2738"]
[WhiteFideId "2040506"]
[BlackFideId "1170546"]
[EventDate "2021.07.12"]

1. e4 e5 2. Nf3 Nf6 3. d4 Nxe4 4. Bd3 d5 5. Nxe5 Nd7 6. Nc3 Nxc3 7. bxc3 Bd6 8.
O-O O-O 9. Re1 c5 10. Nxd7 Bxd7 11. dxc5 Bxc5 12. Qh5 g6 13. Qxd5 Qb6 14. Be3
Bxe3 15. Rxe3 Be6 16. Qd4 Rfd8 17. Qb4 Rac8 18. a3 Rc5 19. Qxb6 axb6 20. Be4 Bf5
21. Bxf5 Rxf5 22. Rd3 Ra8 23. g3 b5 24. Kf1 Kg7 25. Ke2 g5 26. g4 Re5+ 27. Re3
Rc5 28. Rf3 Re5+ 29. Kf1 h6 30. Rd1 Re7 31. Ra1 Kg6 32. h3 Ra4 33. Ra2 Rc7 34.
Kg2 Rac4 35. Rb2 Rxc3 36. Rxc3 Rxc3 37. Rxb5 Rxa3 38. Rxb7 Rc3 39. Rb2 h5 40.
Rb6+ f6 41. gxh5+ Kxh5 42. Rxf6 Rxc2 43. Re6 Rc3 44. Re5 Kg6 45. Re3 Rc4 46. Kf3
Kf5 47. Ra3 1/2-1/2

[Event "FIDE World Cup 2021"]
[Site "Krasnaya Polyana RUS"]
[Date "2021.07.18"]
[Round "3.1"]
[White "Vidit, Santosh Gujrathi"]
[Black "Adhiban, Baskaran"]
[Result "1-0"]
[WhiteTitle "GM"]
[BlackTitle "GM"]
[WhiteElo "2726"]
[BlackElo "2660"]
[WhiteFideId "5029465"]
[BlackFideId "5018471"]
[EventDate "2021.07.12"]

1. d4 Nf6 2. c4 g6 3. g3 Bg7 4. Bg2 O-O 5. Nc3 d6 6. Nf3 Nc6 7. O-O a6 8. Bf4
Rb8 9. Rc1 h6 10. d5 e5 11. Bd2 Nd4 12. Ne1 c5 13. dxc6 bxc6 14. e3 Ne6 15. Bxc6
Rxb2 16. Nd3 Rb8 17. Bg2 h5 18. Nd5 Bb7 19. Bc3 e4 20. Bxf6 Bxf6 21. Bxe4 h4 22.
Rb1 Bg7 23. Bg2 Re8 24. Qg4 hxg3 25. hxg3 Qa5 26. Rb3 Bxd5 27. Bxd5 Nc7 28. Bc6
Rxb3 29. axb3 Rb8 30. b4 Qa3 31. Rd1 Qb3 32. Bf3 Qc2 33. Kg2 Bf8 34. Qd4 Ne6 35.
Qa7 Re8 36. Qxa6 Ng5 37. Ne1 Qf5 38. Qc6 Re5 39. Nd3 Re8 40. Qd5 Qh3+ 41. Kg1
Bh6 42. Nf4 Qc8 43. Bg2 1-0

[Event "FIDE World Cup 2021"]
[Site "Krasnaya Polyana RUS"]
[Date "2021.07.18"]
[Round "3.1"]
[White "Nihal, Sarin"]
[Black "Andreikin, Dmitry"]
[Result "0-1"]
[WhiteTitle "GM"]
[BlackTitle "GM"]
[WhiteElo "2620"]
[BlackElo "2724"]
[WhiteFideId "25092340"]
[BlackFideId "4158814"]
[EventDate "2021.07.12"]

1. b3 b6 2. e4 Bb7 3. Nc3 e6 4. Bb2 Nf6 5. e5 Ne4 6. Nxe4 Bxe4 7. h4 c5 8. Qg4
Bb7 9. h5 Nc6 10. O-O-O a6 11. Nf3 h6 12. Kb1 b5 13. d4 cxd4 14. Nxd4 Qg5 15.
Qe4 Qxe5 16. Qxe5 Nxe5 17. Nxe6 dxe6 18. Bxe5 f6 19. Bb2 Bc5 20. f3 Ke7 21. c4
b4 22. Bd3 Rad8 23. Bg6 Rxd1+ 24. Rxd1 Rd8 25. Rxd8 Kxd8 26. Kc2 Ke7 27. Kd3 Bc6
28. Bd4 Kd6 29. Bxc5+ Kxc5 30. Ke3 a5 31. g4 a4 32. Be4 Be8 33. Bg6 Bd7 34. Bd3
a3 35. Bc2 f5 36. Bb1 f4+ 37. Ke4 Bc6+ 38. Kxf4 Kd4 39. Be4 Bd7 40. c5 e5+ 41.
Kg3 Kxc5 0-1

[Event "FIDE World Cup 2021"]
[Site "Krasnaya Polyana RUS"]
[Date "2021.07.18"]
[Round "3.1"]
[White "Vitiugov, Nikita"]
[Black "Shirov, Alexei"]
[Result "1-0"]
[WhiteTitle "GM"]
[BlackTitle "GM"]
[WhiteElo "2724"]
[BlackElo "2662"]
[WhiteFideId "4152956"]
[BlackFideId "2209390"]
[EventDate "2021.07.12"]

1. d4 d5 2. c4 c6 3. Nf3 Nf6 4. Nc3 e6 5. Bg5 dxc4 6. e4 b5 7. e5 h6 8. Bh4 g5
9. Nxg5 hxg5 10. Bxg5 Nbd7 11. g3 Bb7 12. Bg2 Qb6 13. exf6 O-O-O 14. Qg4 b4 15.
Ne4 Qxd4 16. Qe2 Ne5 17. O-O Qd3 18. Rfe1 c5 19. a3 Qxe2 20. Rxe2 a5 21. axb4
axb4 22. Nd2 c3 23. bxc3 bxc3 24. Bxb7+ Kxb7 25. Ne4 Nf3+ 26. Kg2 Rd3 27. Be3
Nd4 28. Bxd4 cxd4 29. Ng5 Rh6 30. Nxf7 Rxf6 31. Ne5 Rd2 32. Rxd2 cxd2 33. Rd1
Bb4 34. Nf3 e5 35. Nxe5 Ka6 36. f4 Kb5 37. Kf3 Ra6 38. Ke4 Ra3 39. Nd3 Kc4 40.
Nxb4 Re3+ 41. Kf5 Kxb4 42. Rxd2 Kc3 43. Rd1 d3 44. Kg6 Re6+ 45. Kg5 Kc2 46. f5
Re2 47. Rf1 Rxh2 48. f6 1-0

[Event "FIDE World Cup 2021"]
[Site "Krasnaya Polyana RUS"]
[Date "2021.07.18"]
[Round "3.1"]
[White "Abasov, Nijat"]
[Black "Esipenko, Andrey"]
[Result "1/2-1/2"]
[WhiteTitle "GM"]
[BlackTitle "GM"]
[WhiteElo "2656"]
[BlackElo "2716"]
[WhiteFideId "13402960"]
[BlackFideId "24175439"]
[EventDate "2021.07.12"]

1. d4 d5 2. c4 c6 3. cxd5 cxd5 4. Nc3 Nf6 5. Nf3 Nc6 6. Bf4 Bf5 7. e3 e6 8. Ne5
Bb4 9. Qb3 Qb6 10. Nxc6 bxc6 11. Be2 Ne4 12. f3 Nxc3 13. bxc3 Be7 14. c4 Qxb3
15. axb3 Bb4+ 16. Kf2 a5 17. cxd5 exd5 18. Rhc1 Kd7 19. g4 Be6 20. Ra2 Rhc8 21.
Rac2 Ba3 22. Ra1 Be7 23. Bd3 g6 24. Ke2 Ke8 25. Bg3 Bd7 26. Rca2 Bb4 27. Be1
Bxe1 28. Kxe1 Rab8 29. Bc2 c5 30. dxc5 Rxc5 31. Kd2 Rbb5 32. Ra3 Be6 33. Bd3 Rb8
34. Rxa5 Rxa5 35. Rxa5 Rxb3 36. Kc2 Rb8 37. Kc3 Ke7 38. h4 h6 39. g5 hxg5 40.
hxg5 Kf8 41. f4 Kg7 42. Rb5 Ra8 43. Bc2 Ra1 44. Rc5 Re1 45. Kd4 Kf8 46. Bb3 Kg7
47. Bxd5 Bxd5 48. Rxd5 Kf8 49. e4 Kg7 50. Ra5 Rd1+ 51. Ke5 Re1 52. Ra4 Rd1 53.
Ra7 Re1 54. Rd7 Re2 55. Rd4 Rf2 56. f5 1/2-1/2

[Event "FIDE World Cup 2021"]
[Site "Krasnaya Polyana RUS"]
[Date "2021.07.18"]
[Round "3.1"]
[White "Cheparinov, Ivan"]
[Black "Svidler, Peter"]
[Result "1/2-1/2"]
[WhiteTitle "GM"]
[BlackTitle "GM"]
[WhiteElo "2667"]
[BlackElo "2714"]
[WhiteFideId "2905540"]
[BlackFideId "4102142"]
[EventDate "2021.07.12"]

1. Nf3 Nf6 2. c4 c5 3. Nc3 Nc6 4. g3 d5 5. d4 e6 6. cxd5 Nxd5 7. Bg2 cxd4 8.
Nxd4 Nxc3 9. bxc3 Nxd4 10. Qxd4 Qxd4 11. cxd4 Bb4+ 12. Bd2 Bd6 13. Bf4 Bb4+ 14.
Bd2 Bd6 15. Bf4 Bb4+ 16. Bd2 Bd6 1/2-1/2

[Event "FIDE World Cup 2021"]
[Site "Krasnaya Polyana RUS"]
[Date "2021.07.18"]
[Round "3.1"]
[White "Ivic, Velimir"]
[Black "Bluebaum, Matthias"]
[Result "1-0"]
[WhiteTitle "GM"]
[BlackTitle "GM"]
[WhiteElo "2582"]
[BlackElo "2669"]
[WhiteFideId "950122"]
[BlackFideId "24651516"]
[EventDate "2021.07.12"]

1. e4 c6 2. d4 d5 3. Nd2 dxe4 4. Nxe4 Nf6 5. Nxf6+ exf6 6. c3 Bd6 7. Bd3 O-O 8.
Qc2 Re8+ 9. Ne2 h5 10. O-O h4 11. h3 Nd7 12. Bd2 Nf8 13. Rae1 Be6 14. f4 Qc7 15.
f5 Bd7 16. c4 b6 17. b4 c5 18. dxc5 bxc5 19. b5 Nh7 20. Nc3 Ng5 21. Nd5 Bh2+ 22.
Kh1 Qd6 23. Rd1 Be5 24. Bxg5 fxg5 25. f6 Bd4 26. Bh7+ Kh8 27. fxg7+ Kxg7 28. Nf6
Re5 29. Be4 Rh8 30. Bd5 Be6 31. Ng4 Rxd5 32. cxd5 Bd7 33. Qc1 Rh5 34. Rxd4 cxd4
35. Nf6 Rh6 36. Qxg5+ Rg6 37. Nh5+ Kf8 38. Qxh4 Bxb5 39. Rb1 Bc4 40. Rc1 Ba6 41.
Qxd4 Bb7 42. Qh8+ Rg8 43. Qb2 Rxg2 44. Kxg2 Bxd5+ 45. Kf1 1-0

[Event "FIDE World Cup 2021"]
[Site "Krasnaya Polyana RUS"]
[Date "2021.07.18"]
[Round "3.1"]
[White "Grandelius, Nils"]
[Black "Xiong, Jeffery"]
[Result "1-0"]
[WhiteTitle "GM"]
[BlackTitle "GM"]
[WhiteElo "2661"]
[BlackElo "2709"]
[WhiteFideId "1710400"]
[BlackFideId "2047640"]
[EventDate "2021.07.12"]

1. e4 c5 2. Nf3 Nc6 3. Bb5 e6 4. O-O Nge7 5. c3 a6 6. Ba4 b5 7. Bc2 Bb7 8. Re1
d5 9. a4 b4 10. d4 cxd4 11. cxd4 dxe4 12. Bxe4 Nd5 13. Bg5 Be7 14. Bxe7 Ncxe7
15. Nbd2 O-O 16. Nb3 Ra7 17. Rc1 Ba8 18. Ne5 Nf6 19. Bxa8 Qxa8 20. Qf3 Qxf3 21.
Nxf3 Nfd5 22. Kf1 Rfa8 23. Ne5 Kf8 24. Rc5 Nb6 25. a5 Nd7 26. Rc4 Rb8 27. Rec1
Nxe5 28. dxe5 g5 29. Rc7 Rbb7 30. Rxb7 Rxb7 31. Rc5 Ke8 32. Ke2 Kd8 33. Nd2 b3
34. Ne4 h6 35. Nd6 Rb4 36. Nxf7+ Kd7 37. Nd6 Nc6 38. Nc4 Rb5 39. Rxb5 axb5 40.
Nd6 Nxa5 41. Kd3 Kc6 42. Kd4 Kb6 43. Nf7 Nc6+ 44. Ke4 Kc5 45. Nxh6 Na5 46. Nf7
Nc4 47. Nxg5 Nxb2 48. Nxe6+ Kc4 49. Nd4 Na4 50. Nxb3 Kxb3 51. Kd4 b4 52. e6 Nc3
53. e7 Nb5+ 54. Kc5 Nc7 55. Kc6 Ne8 56. Kd7 Nf6+ 57. Ke6 Ne8 58. f4 Kc4 59. f5
b3 60. f6 b2 61. f7 Ng7+ 62. Kf6 b1=Q 63. f8=Q Qf5+ 64. Kxg7 Qg5+ 65. Kh7 Qh5+
66. Qh6 Qf7+ 67. Kh8 Qe8+ 68. Qf8 Qh5+ 69. Kg7 Qg5+ 70. Kh7 Qh5+ 71. Qh6 Qf7+
72. Kh8 Qe8+ 73. Kg7 Qxe7+ 74. Kg8 Qe8+ 75. Qf8 Qg6+ 76. Qg7 Qe8+ 77. Kh7 Qh5+
78. Qh6 Qf7+ 79. Kh8 Qe8+ 80. Kg7 Qe7+ 81. Kg6 Qe4+ 82. Kh5 Qe2+ 83. Kh4 Qf2+
84. Kh3 Qf5+ 85. Kg3 Qd3+ 86. Kg4 Qd7+ 87. Kh4 Qe7+ 88. Qg5 Qh7+ 89. Qh5 Qe7+
90. Kh3 Kb3 91. Qf3+ Ka4 92. g4 Ka5 93. Kg2 Ka6 94. h3 Qd8 95. Qe2+ Kb7 96. Qe4+
Ka6 97. Qe6+ Kb7 98. Qf7+ Ka6 99. Qf1+ Kb7 100. Qe2 Kb8 101. Qe5+ Ka8 102. g5
Qd2+ 103. Kg3 Qd3+ 104. Kg4 Qd7+ 105. Qf5 Qd4+ 106. Qf4 Qd7+ 107. Kg3 Qe6 108.
h4 Kb7 109. Qf3+ Kc7 110. h5 Kd6 111. h6 Qe1+ 112. Kh3 Qb1 113. Kg4 Ke7 114. Kh5
Ke8 115. Qc6+ Ke7 116. Qf6+ Kd7 117. Qf7+ Kc8 118. h7 Qd1+ 119. Kg6 Qd6+ 120.
Qf6 1-0

[Event "FIDE World Cup 2021"]
[Site "Krasnaya Polyana RUS"]
[Date "2021.07.18"]
[Round "3.1"]
[White "Tomashevsky, Evgeny"]
[Black "Idani, Pouya"]
[Result "1/2-1/2"]
[WhiteTitle "GM"]
[BlackTitle "GM"]
[WhiteElo "2706"]
[BlackElo "2614"]
[WhiteFideId "4147235"]
[BlackFideId "12510130"]
[EventDate "2021.07.12"]

1. d4 Nf6 2. c4 e6 3. Nf3 d5 4. Nc3 c6 5. Bg5 dxc4 6. e4 b5 7. e5 h6 8. Bh4 g5
9. Nxg5 hxg5 10. Bxg5 Be7 11. exf6 Bxf6 12. Bxf6 Qxf6 13. g3 Bb7 14. Bg2 Na6 15.
a4 O-O-O 16. axb5 cxb5 17. O-O Rxd4 18. Qe2 Bxg2 19. Kxg2 Qf5 20. Kg1 Nc7 21.
Rxa7 Qh5 22. Qxh5 Rxh5 23. Rc1 Kb8 24. Raa1 Kb7 25. Rd1 Rxd1+ 26. Rxd1 Kc6 27.
h4 b4 28. Ne4 Rd5 29. Rc1 Kb5 30. h5 Rxh5 31. Nd6+ Ka4 32. Nxc4 Nd5 33. Nd2 Kb5 1/2-1/2

[Event "FIDE World Cup 2021"]
[Site "Krasnaya Polyana RUS"]
[Date "2021.07.18"]
[Round "3.1"]
[White "Tabatabaei, M. Amin"]
[Black "Yu, Yangyi"]
[Result "1-0"]
[WhiteTitle "GM"]
[BlackTitle "GM"]
[WhiteElo "2613"]
[BlackElo "2705"]
[WhiteFideId "12521213"]
[BlackFideId "8603820"]
[EventDate "2021.07.12"]

1. e4 e5 2. Nf3 Nc6 3. Bc4 Nf6 4. d3 Bc5 5. c3 d6 6. Bg5 h6 7. Bh4 a6 8. a4 Qe7
9. O-O Ba7 10. Nbd2 O-O 11. Re1 Be6 12. b4 Bxc4 13. Nxc4 Qe6 14. b5 Ne7 15. Rb1
Nd7 16. Bxe7 Qxe7 17. d4 Qe6 18. Qd3 Nb6 19. Ne3 a5 20. Nd2 Rfd8 21. Nf5 h5 22.
Qg3 g6 23. Re3 Kf8 24. Qg5 gxf5 25. exf5 Qa2 26. Rbe1 Nd5 27. Rh3 Ke8 28. f6 c6
29. c4 Nxf6 30. dxe5 dxe5 31. Rxe5+ Kd7 32. Rd3+ Kc7 33. Re7+ Nd7 34. Qe5+ Kc8
35. Rexd7 Bb6 36. Rxd8+ Bxd8 37. b6 1-0